|
|
|
|
| LEADER |
00000naa2a2200000 4500 |
| 001 |
198448 |
| 005 |
20260127143812.0 |
| 035 |
|
|
|a (RuTPU)RU\TPU\book\216438
|
| 090 |
|
|
|a 198448
|
| 100 |
|
|
|a 20110629d2009 k y0rusy50 ca
|
| 101 |
0 |
|
|a rus
|
| 102 |
|
|
|a RU
|
| 200 |
1 |
|
|a Применение определителей Вандермонда к задачам математического моделирования электромеханических систем
|f К. С. Афанасьев
|g науч. рук. А. С. Глазырин
|
| 320 |
|
|
|a Библиогр.: 1 назв.
|
| 461 |
|
1 |
|0 (RuTPU)RU\TPU\book\209139
|t Электротехника, электромеханика и электротехнологии
|o труды IX региональной научно-практической студенческой конференции, 2-5 июня 2009 г., Томск
|f Томский политехнический университет (ТПУ), Электротехнический институт (ЭЛТИ)
|d 2009
|
| 463 |
|
1 |
|0 (RuTPU)RU\TPU\book\208722
|t Т. 2: Секция 3-7. Электропривод. Автоматизация технологических процессов
|v С. 133-135
|d 2009
|
| 610 |
1 |
|
|a математическое моделирование
|
| 610 |
1 |
|
|a электромеханические системы
|
| 610 |
1 |
|
|a системы дифференциальных уравнений
|
| 610 |
1 |
|
|a линейные системы
|
| 610 |
1 |
|
|a труды учёных ТПУ
|
| 700 |
|
1 |
|a Афанасьев
|b К. С.
|c специалист в области электротехники
|c доцент Томского политехнического университета, кандидат технических наук
|f 1987-
|g Кирилл Сергеевич
|3 (RuTPU)RU\TPU\pers\26491
|9 12193
|
| 702 |
|
1 |
|a Глазырин
|b А. С.
|c специалист в области электротехники
|c профессор Томского политехнического университета, доктор технических наук
|f 1978-
|g Александр Савельевич
|4 727
|
| 801 |
|
1 |
|a RU
|b 63413507
|c 20110629
|
| 801 |
|
2 |
|a RU
|b 63413507
|c 20150216
|g RCR
|
| 942 |
|
|
|c BK
|